| 000 | 01103cam a22002651i 4500 | ||
|---|---|---|---|
| 003 | SA-RiAUC | ||
| 005 | 20241111091306.0 | ||
| 008 | 241107s1997 ||| g 000 0 ara c | ||
| 040 |
_aSA-JeALM _bara _cSA-RiAUC _erda |
||
| 082 | 0 | 4 | _a251.1 |
| 090 |
_a251.1 _bا ب ن ت |
||
| 100 | 1 |
_aابن تيمية، أحمد بن عبد الحليم بن عبد السلام، _d661-728 هجري _eمؤلف. |
|
| 245 | 1 | 0 |
_aشمول النصوص لأحكام أفعال العباد / _cأحمد بن عبد الحليم ابن تيمية ؛ تحقيق صالح جاسم المهندي. |
| 250 | _aالطبعة الأولى. | ||
| 264 | 1 |
_a{ الدوحة } _bإدارة الشؤون الإسلامية، _c1997 |
|
| 300 | _a95 صفحة | ||
| 336 |
_aنص _btxt _2rdacontent _3كتاب |
||
| 337 |
_aبدون وسيط _bn _2rdamedia |
||
| 338 |
_aمجلد _bnc _2rdacarrier |
||
| 650 | 7 |
_aالأدلة الشرعية _2aucsh |
|
| 650 | 7 |
_aالأحكام الشرعية _2aucsh |
|
| 700 | 1 |
_aالمهندي، صالح جاسم _eمحقق. |
|
| 942 |
_2ddc _cBOOK _n0 |
||
| 949 |
_aSA-JeALM _d241107 _umohamedma123 _n1 |
||
| 999 |
_c2281 _d2281 |
||